[Event "Saint Louis Rapid 2020"]
[Site "Saint Louis"]
[Date "2020.09.15"]
[Round "3"]
[White "Nepomniachtchi, Ian"]
[Black "Aronian, Levon"]
[Result "1/2-1/2"]
[WhiteElo "2784"]
[BlackElo "2773"]
[Annotator "TA"]
[PlyCount "111"]
[EventDate "2020.09.15"]
[EventType "rapid"]
[EventCountry "USA"]
[SourceTitle "playchess.com"]
[Source "ChessBase"]
[SourceQuality "1"]

{[%evp 9,111,-18,-20,-14,-8,-11,-3,-11,-18,-9,0,-25,0,-21,-28,-9,-7,-8,-1,-22,-16,-18,-26,-6,-38,-77,0,0,0,0,0,-11,18,-22,0,0,0,0,0,0,20,6,20,19,20,18,27,27,27,8,11,0,0,0,0,0,0,-8,-8,-8,-8,-8,-14,-83,-83,-83,-72,-72,-72,-72,-72,-72,-72,-72,-72,-72,-72,-72,-72,-72,-58,-58,-57,-57,-57,-57,-57,-57,-53,-53,-53,-53,-37,-37,-18,-18,0,0,0,0,0,0,0,0]} 1. e4 e5 2. Nf3 (2. Bc4 Nf6 3. d3 c6 4. Nf3 d5 5. Bb3 Bb4+ 6. c3 Bd6 7. O-O O-O 8. exd5 cxd5 9. Bg5 Be6 10. Re1 Nbd7 11. Nbd2 Qb8 12. Bh4 b5 13. Bg3 a5 14. a3 Re8 15. Nf1 Nh5 16. Nxe5 Bxe5 17. Qxh5 Bxg3 18. hxg3 {½-½ (40) Nepomniachtchi,I (2774)-Aronian,L (2773) chess.com INT 2020}) 2... Nc6 3. g3 d5 4. exd5 Qxd5 5. Nc3 Qd6 6. Bg2 {C44: Ponziani Opening and Scotch Gambit.} Bg4 7. h3 Bh5 8. g4 Bg6 9. d3 {[#]} Nge7 $146 ({Predecessor:} 9... O-O-O 10. Be3 Nd4 11. O-O c6 12. Ne4 Qc7 13. c3 Nxf3+ 14. Qxf3 Nf6 15. Rfd1 Nd5 {½-½ (35) Zvjaginsev,V (2644)-Paravyan,D (2602) Douglas 2019}) 10. Be3 O-O-O 11. Nd2 f5 12. Nb3 Bf7 13. Qf3 Qg6 14. O-O-O f4 15. Bd2 Nd5 16. Qe4 Qf6 17. Qe2 Nxc3 ({Black should play} 17... Nd4 $17 18. Nxd4 Nxc3 19. Bxc3 exd4) 18. Bxc3 $11 Nd4 19. Bxd4 exd4 20. Kb1 g5 21. Be4 h6 22. Qf3 c6 23. h4 gxh4 24. Qh3 {[#] g5+ is the strong threat.} Kc7 25. Qxh4 Qxh4 26. Rxh4 Be7 27. Rh2 Bxb3 28. axb3 a5 29. Kc1 Bg5 30. Kd2 f3+ 31. Ke1 Rhf8 32. Rh3 Rde8 33. Kf1 Re5 34. Rxf3 Rxf3 35. Bxf3 {[%mdl 4096] Endgame KRB-KRB} Rc5 36. Re1 (36. Ra1 $1 $11) 36... Rxc2 $17 37. Re2 Rxe2 38. Kxe2 {KB-KB} Bc1 39. Be4 Bxb2 40. Kd2 Ba3 41. Kc2 Bd6 42. Bf5 Bf4 43. Be6 Kd6 44. Bc8 b5 45. Kb2 c5 46. Ba6 Kc6 47. Kc2 Kb6 48. Bc8 {[#]} c4 $1 {[%mdl 512]} 49. dxc4 (49. bxc4 bxc4) 49... bxc4 50. bxc4 a4 {[%cal Ba5a4,Ba4a3][%mdl 32]} 51. Bd7 a3 {White should prevent ...d3+!} 52. Kb3 {The position is equal.} Bc1 53. Bf5 Kc5 54. Bd3 Kd6 55. f4 Bxf4 56. Kxa3 {Accuracy: White = 89%, Black = 95%.} 1/2-1/2

[Event "Saint Louis Rapid 2020"]
[Site "Saint Louis"]
[Date "2020.09.15"]
[Round "3"]
[White "Grischuk, Alexander"]
[Black "Harikrishna, Pentala"]
[Result "0-1"]
[WhiteElo "2777"]
[BlackElo "2732"]
[Annotator "TA"]
[PlyCount "80"]
[EventDate "2020.09.15"]
[EventType "rapid"]
[EventCountry "USA"]
[SourceTitle "playchess.com"]
[Source "ChessBase"]
[SourceQuality "1"]

{[%evp 13,80,-12,0,0,0,-50,22,29,33,16,18,-24,21,33,62,20,56,51,62,26,7,-28,0,0,0,0,0,0,65,26,28,9,9,-43,-25,-35,-29,-56,-62,-110,0,0,0,0,0,0,0,-12,0,0,0,0,0,0,0,0,0,-14,-34,-215,-216,-256,-253,-841,-833,-29997,-29998,-29998,-29999]} 1. d4 d5 2. c4 c6 3. Nf3 Nf6 4. Nc3 e6 5. Bg5 dxc4 6. e4 b5 7. a4 Qb6 8. Be2 {D44: Semi-Slav: Botvinnik System.} Nbd7 9. O-O Bb7 {[#]} (9... b4 $15 10. a5 Qc7) 10. a5 $146 {The position is equal.} ({Predecessor:} 10. d5 a6 11. dxe6 fxe6 12. a5 Qc7 13. Nd4 Nc5 14. Bxf6 gxf6 15. Bh5+ Ke7 16. Qg4 {1-0 (26) Pachta,P (2331)-Forsaa,E (2065) Herceg Novi 2006}) 10... Qa6 11. b3 Bb4 12. Bd2 (12. Na2 {keeps more tension.} Qxa5 13. Bxf6 Nxf6 14. bxc4 Be7 15. e5) 12... Bxc3 (12... c5 {is interesting.} 13. bxc4 bxc4 14. dxc5 O-O 15. Ra4 Bxc3 16. Bxc3 Bc6) 13. Bxc3 c5 14. dxc5 Bxe4 15. bxc4 bxc4 16. Bxf6 gxf6 17. Qa4 Rg8 (17... Bc6 $5 {[%cal Rc6a4]} 18. Bxc4 Bxa4 19. Bxa6 Nxc5 $15) 18. g3 Qc6 $36 {[%mdl 2048] Black has some pressure.} 19. Nd4 Qxa4 $1 20. Rxa4 Rc8 (20... Bd3 $11 21. Bxd3 cxd3) 21. Rxc4 {Strongly threatening c6.} (21. Nb5 $5 {[%cal Rb5d6]}) 21... Rxc5 22. Rxc5 Nxc5 23. Rc1 (23. Nb5 $11 Kf8 24. f3) 23... Rg5 $15 24. Nb5 {[#] Hoping for f4.} Nd3 25. Rc8+ Kd7 26. Rb8 Rc5 ({Black should play} 26... a6 $17 27. Bxd3 Bxd3 28. Rb7+ Kc6 29. Rb6+ Kc5) 27. f3 $11 Bg6 28. a6 Rc1+ 29. Kg2 Rc2 30. Kf1 Rc1+ 31. Kg2 Rc2 32. Rb7+ Kd8 33. Nd4 Ra2 {...Nc1 is the strong threat.} 34. Rxa7 Nc1 35. Nc6+ Ke8 36. Re7+ $2 {White does not recover from this.} ({Better is} 36. Kf1 $15 Rxe2 37. Rb7) 36... Kf8 $19 37. a7 Nxe2 38. Kf1 $2 {[#]} (38. Rb7 Nd4+ 39. Kh3 Nxc6 40. Rb8+ Kg7 41. a8=Q Bf5+ 42. g4 Rxa8 43. Rxa8) 38... Nd4 $1 {[%mdl 576] ( -> ...Bd3+). Discovered Attack} 39. Rc7 (39. Nxd4 Kxe7) 39... Bd3+ 40. Ke1 Nxf3+ {[%mdl 64] Double Attack. Accuracy: White = 45%, Black = 70%.} 0-1

[Event "Saint Louis Rapid 2020"]
[Site "Saint Louis"]
[Date "2020.09.15"]
[Round "3"]
[White "So, Wesley"]
[Black "Carlsen, Magnus"]
[Result "1/2-1/2"]
[WhiteElo "2770"]
[BlackElo "2863"]
[Annotator "TA"]
[PlyCount "97"]
[EventDate "2020.09.15"]
[EventType "rapid"]
[EventCountry "USA"]
[SourceTitle "playchess.com"]
[Source "ChessBase"]
[SourceQuality "1"]

{[%evp 9,97,18,21,23,25,27,21,26,8,13,32,16,45,31,49,35,46,44,60,17,24,0,23,8,23,0,0,0,13,23,34,0,0,0,8,0,0,0,38,37,37,45,40,39,40,22,25,26,28,30,24,0,0,0,0,0,0,0,0,0,0,0,0,0,0,0,0,0,0,0,0,0,0,0,0,0,0,-8,0,0,0,-8,-8,-8,8,8,8,0,0,0]} 1. e4 c5 2. Nf3 d6 3. Bb5+ Nd7 4. a4 Ngf6 5. Nc3 a6 6. Be2 {B51: Sicilian: Moscow Variation (3 Bb5+) without 3...Bd7.} b6 7. d4 cxd4 8. Qxd4 Bb7 9. O-O e6 10. Rd1 Qc7 11. Be3 Ng4 12. Bg5 Rc8 13. Bh4 {[#]} Ngf6 $146 ({Predecessor:} 13... Nge5 14. Bg3 h6 15. Rd2 Be7 16. h3 h5 17. Bh2 Nxf3+ 18. gxf3 Rh6 19. Rad1 Ne5 {½-½ (27) Nitschke,N (1828)-Hild,H (1968) GER email 2017}) 14. Nd2 Ne5 $1 15. Nf3 Nc6 16. Qd2 Be7 17. Bxf6 (17. Nd4 {is more complex.} Nxd4 18. Qxd4 O-O 19. Bxf6 Bxf6 20. Qxd6 Be5 21. Qxc7 Rxc7 22. Ra3) 17... Bxf6 18. Qxd6 Qxd6 (18... g5 {is more complex.} 19. Qxc7 Rxc7 20. Nd2 Nd4 21. Bf1 Ke7) 19. Rxd6 Rd8 20. Rxd8+ (20. e5 {feels hotter.} Rxd6 21. exd6 Nd4 22. Nxd4 Bxd4 23. a5) 20... Kxd8 21. Nd1 Kc7 22. c3 Rd8 23. Ne3 Ne5 24. Nxe5 Bxe5 25. Nc4 Bf6 26. e5 Be7 27. Rd1 Rxd1+ 28. Bxd1 $11 {[%mdl 4096] Endgame KBB-KBN} b5 29. axb5 axb5 30. Nd6 (30. Ne3 {with more complications.} b4 31. g3 bxc3 32. bxc3 f6 33. Bb3) 30... Bxd6 {The position is equal.} 31. exd6+ Kxd6 {KB-KB} 32. f4 Kc5 33. Kf2 b4 34. cxb4+ Kxb4 35. g3 Kc4 36. Ke3 Bc6 37. h4 h6 38. g4 f6 39. g5 hxg5 40. hxg5 (40. fxg5 {keeps more tension.} fxg5 41. hxg5 e5 42. Bc2 Kc5 43. Bb3) 40... Kc5 41. Bb3 Bd7 42. gxf6 gxf6 43. Bd1 e5 44. fxe5 fxe5 45. b4+ Kxb4 46. Ke4 {[#]} Bf5+ $1 {[%mdl 512]} 47. Kxf5 e4 48. Bb3 Kxb3 49. Kxe4 {Accuracy: White = 94%, Black = 97%.} 1/2-1/2

[Event "Saint Louis Rapid 2020"]
[Site "Saint Louis"]
[Date "2020.09.15"]
[Round "3"]
[White "Dominguez Perez, Leinier"]
[Black "Nakamura, Hikaru"]
[Result "1/2-1/2"]
[WhiteElo "2758"]
[BlackElo "2736"]
[Annotator "TA"]
[PlyCount "115"]
[EventDate "2020.09.15"]
[EventType "rapid"]
[EventCountry "USA"]
[SourceTitle "playchess.com"]
[Source "ChessBase"]
[SourceQuality "1"]

{[%evp 18,115,18,2,20,4,9,0,0,0,0,0,0,0,0,0,10,3,14,15,13,19,16,18,19,36,51,66,61,62,66,53,62,59,104,0,0,0,94,85,98,116,131,116,165,117,108,129,99,111,101,115,154,155,226,200,194,185,496,516,517,504,1104,924,1398,1360,1348,1254,775,1425,1508,1410,1008,571,2495,1979,1896,8,8,8,8,0,8,8,8,-8,-8,-8,-8,-8,-8,-8,8,8,8,8,8,8,8,8]} 1. e4 e5 2. Nf3 Nc6 3. Bb5 Nf6 4. O-O Nxe4 5. d4 Nd6 6. Bxc6 dxc6 7. dxe5 Nf5 8. Qxd8+ Kxd8 9. Nc3 Ke8 10. h3 h5 {C67: Ruy Lopez: Berlin Defence: 4 0-0 Nxe4.} 11. Ne2 b6 {11...b6 is better than 11...Be7.} 12. Bg5 c5 13. Nc3 Bb7 14. Rad1 Bxf3 15. gxf3 c6 16. f4 Be7 {aiming for ...f6.} 17. Ne4 {[#]} Rd8 $146 ({Predecessor:} 17... Bxg5 18. fxg5 Ke7 19. Nd6 Ke6 20. f4 Rad8 21. Rfe1 g6 22. Kf2 Nd4 23. c3 Nf5 {½-½ (47) Grischuk,A (2750)-Giri,A (2778) London 2015}) 18. Rxd8+ Bxd8 19. Rd1 {[%csl Gg5][%cal Rd1d8]} Bxg5 20. fxg5 $11 {[%mdl 4096] Endgame KRN-KRN} Ke7 21. Nd6 Nd4 22. c3 $1 {[%cal Rc3d4]} Nf3+ 23. Kg2 Nxg5 24. f4 Ne6 25. f5 $1 {[%cal Rf5e6][%mdl 1024] White has compensation.} Nf4+ 26. Kg3 Nd5 $1 27. c4 Ne3 (27... Nb4 $1 $11) 28. Rg1 $1 $16 {Kf4 is the strong threat.} Nc2 29. Kf4 $1 Kf8 30. Ke4 Rg8 31. Rg2 Nd4 32. b4 $1 {[%cal Rb4c5]} g6 33. f6 {Strongly threatening Rg3.} Ne6 34. a3 g5 35. Nf5 g4 (35... Ke8 $16) 36. h4 g3 37. Rxg3 Rxg3 $2 (37... Rg4+ {is more resistant.} 38. Rxg4 hxg4 39. bxc5 Nxc5+ 40. Ke3 a5) 38. Nxg3 $18 cxb4 39. axb4 {KN-KN} a5 {[#]} (39... Kg8 $142 40. Nxh5 Nd8) 40. c5 $1 {[%cal Rc5b6]} axb4 41. cxb6 Ke8 42. Kd3 Nc5+ 43. Kc2 Kd7 44. Nxh5 b3+ 45. Kc3 {Hoping for Nf4.} Ke6 {[#]} 46. Nf4+ $1 Kf5 47. Nd3 $2 (47. h5 $18 {And now h6 would win.} b2 48. Kxb2 Kxe5 49. h6 Kxf6 50. Ka3) 47... Na4+ $11 {The position is equal.} 48. Kxb3 Nxb6 49. Kc3 c5 50. h5 c4 51. Nf4 {Threatens to win with h6.} Kxe5 52. h6 Kxf6 53. Kd4 c3 54. Kxc3 Nd5+ 55. Nxd5+ Kg6 56. Kd4 Kxh6 57. Ke5 f6+ 58. Nxf6 {Black defended with fortune. Accuracy: White = 86%, Black = 69%.} 1/2-1/2

[Event "Saint Louis Rapid 2020"]
[Site "Saint Louis"]
[Date "2020.09.15"]
[Round "3"]
[White "Firouzja, Alireza"]
[Black "Xiong, Jeffery"]
[Result "1/2-1/2"]
[WhiteElo "2728"]
[BlackElo "2709"]
[Annotator "TA"]
[PlyCount "89"]
[EventDate "2020.09.15"]
[EventType "rapid"]
[EventCountry "USA"]
[SourceTitle "playchess.com"]
[Source "ChessBase"]
[SourceQuality "1"]

{[%evp 9,89,6,0,-10,3,-2,2,-5,0,-11,0,11,5,-10,0,-12,-12,-5,18,10,25,20,26,15,12,-39,-35,-65,-67,-112,-104,-122,-62,-75,-72,-85,-19,-32,-29,-27,0,-6,37,26,45,0,0,-23,229,237,229,245,254,252,234,222,132,95,109,95,95,95,95,95,124,124,116,0,0,0,0,0,0,0,0,0,0,0,0,0,0,0]} 1. Nf3 d5 2. g3 Nd7 3. Bg2 e5 4. d3 Bd6 5. O-O c6 6. c4 {A07: Réti Opening: New York and Capablanca Systems.} Ne7 7. Nc3 O-O 8. cxd5 cxd5 9. Bg5 f6 10. Bd2 {[#]} Nb6 $146 ({Predecessor:} 10... Kh8 11. Ne1 Nb6 12. a4 d4 13. Ne4 f5 14. Nxd6 Qxd6 15. a5 Nbd5 16. Nf3 h6 {1-0 (26) Mitter,G (2194)-Suppan,H (2067) Austria 2016}) 11. a4 {[%cal Ba2a4,Ba4a5][%mdl 32]} Be6 12. a5 Nd7 13. Nb5 Bb8 14. Bb4 Re8 15. Nd2 Nc6 16. Qb3 e4 17. Qa4 (17. a6 $11 Be5 18. axb7) 17... a6 $36 {[%mdl 2048] Black has some pressure.} ({Of course not} 17... Nxb4 18. Qxb4 exd3 19. exd3 $14) 18. Nc3 f5 19. dxe4 dxe4 20. Rfd1 Be5 (20... Qf6 $17 21. Rac1 Qf7) 21. e3 Qf6 22. Nc4 {[#]} Rad8 ({Black should play} 22... Qf7 $1 $17 23. b3 Bxc4 24. bxc4 Qxc4) 23. Bf1 $11 Qf7 24. Bd6 Kh8 25. Rd2 Qh5 26. Be2 Qh3 {aiming for ...Bxc4.} 27. Rad1 (27. Nd5 {looks sharper.} Bxd5 28. Rxd5 Bxd6 29. Rxd6 Nde5 30. Nxe5 Nxe5 31. Rxd8 Rxd8 32. Rd1) 27... Bxc4 28. Qxc4 {Ba3 is the strong threat.} (28. Bxc4 {keeps more tension.} Bxd6 29. Bf1 Qh5 30. Rxd6 Nde5 31. Be2) 28... Nf6 $2 {[%mdl 8192] [#]} (28... Bxd6 $1 $11 29. Rxd6 Nde5 30. Rxd8 Nxd8) 29. Bxe5 $1 $18 {[%mdl 64] Overworked Piece} Nxe5 30. Rxd8 Nxc4 31. Rxe8+ Nxe8 32. Bxc4 Qh5 (32... g5 $18) 33. Rd7 {Strongly threatening Bf7.} f4 34. Rf7 {[%cal Rf7f8]} Qc5 {And now ...Nf6 would win.} 35. Nxe4 Qb4 36. Rxf4 Nf6 37. Nxf6 gxf6 $16 {[%mdl 4096] Endgame KQ-KRB} 38. Bd5 ({Only move:} 38. Bxa6 $1 $16 Qxb2 39. Bf1) 38... Qxb2 $11 {The position is equal.} 39. Kg2 (39. Rg4 {feels hotter.} h6 40. Rg8+ Kh7 41. Rb8 Qa1+ 42. Kg2) 39... Qb5 40. e4 Kg7 41. Rg4+ Kh6 42. Rh4+ Kg7 43. Rg4+ Kh6 44. Rh4+ Kg7 45. Rg4+ {White really could win this. Accuracy: White = 82%, Black = 76%.} 1/2-1/2

[Event "Saint Louis Rapid 2020"]
[Site "Saint Louis"]
[Date "2020.09.16"]
[Round "4"]
[White "Carlsen, Magnus"]
[Black "Aronian, Levon"]
[Result "1-0"]
[WhiteElo "2863"]
[BlackElo "2773"]
[Annotator "TA"]
[PlyCount "67"]
[EventDate "2020.09.15"]
[EventType "rapid"]
[EventCountry "USA"]
[SourceTitle "playchess.com"]
[Source "ChessBase"]
[SourceQuality "1"]

{[%evp 20,67,61,47,112,104,166,162,157,172,169,177,164,164,297,281,297,289,284,284,289,301,281,289,291,273,284,263,293,279,291,283,367,373,541,546,533,534,502,470,638,638,1016,1022,899,696,657,651,609,608]} 1. d4 Nf6 2. c4 g6 3. Nc3 d5 4. Nf3 Bg7 5. Qb3 dxc4 6. Qxc4 O-O 7. e4 a6 8. e5 b5 9. Qb3 Ng4 10. h3 Nh6 11. Bd3 {[#]} Be6 $146 {D97: Grünfeld: Russian System: 7 e4, replies other than 7...Bg4.} ({Black should play} 11... Bf5 $14 12. Be2 c6) ({Predecessor:} 11... Nf5 12. Be4 Ra7 13. g4 Nh6 14. Be3 c6 15. O-O-O Qa5 16. Kb1 Rc7 17. Bd2 Rb7 18. Ne2 Qb6 19. Bf4 {1-0 (28) Milov,V (2580)-Svidler,P (2585) Haifa 1995}) 12. d5 $16 Nd7 (12... c5 $16) 13. Bb1 $18 ({Resist} 13. dxe6 $6 Nc5 $14) 13... Bf5 {White is clearly better.} 14. Bxh6 Bxh6 15. Bxf5 gxf5 16. O-O e6 (16... Qe8 $142 17. a4 Bg7) 17. dxe6 Nc5 18. exf7+ Rxf7 19. Qa3 Ne6 20. Rad1 Qf8 21. Qb3 Re8 22. Nd5 Bg7 23. Rfe1 c5 24. Qa3 Ra7 25. Qa5 c4 26. a4 b4 {[#]} (26... Kh8 {might work better.} 27. axb5 Qc5) 27. Nf6+ $1 {[%mdl 512] White is clearly winning.} Bxf6 28. exf6 Qxf6 29. Qxb4 Rg7 30. Qxc4 Kh8 31. Rd6 Reg8 32. Rexe6 Rxg2+ 33. Kf1 Qxb2 {[%csl Gg2][%cal Rb2f2] [#]} 34. Qd4+ {Black got outplayed after the opening. Accuracy: White = 96%, Black = 32%.} 1-0

[Event "Saint Louis Rapid 2020"]
[Site "Saint Louis"]
[Date "2020.09.16"]
[Round "4"]
[White "So, Wesley"]
[Black "Dominguez Perez, Leinier"]
[Result "1-0"]
[WhiteElo "2770"]
[BlackElo "2758"]
[Annotator "TA"]
[PlyCount "71"]
[EventDate "2020.09.15"]
[EventType "rapid"]
[EventCountry "USA"]
[SourceTitle "playchess.com"]
[Source "ChessBase"]
[SourceQuality "1"]

{[%evp 24,71,35,35,29,0,0,0,0,0,0,-7,0,-26,-20,-20,-14,-27,-21,-10,-23,-18,-10,-8,0,-44,136,136,144,156,235,235,235,235,400,401,391,407,380,380,239,304,818,818,12841,12841,12841,12842,12841,12841]} 1. e4 e5 2. Nf3 Nc6 3. Bb5 a6 4. Ba4 Nf6 5. O-O Nxe4 6. d4 b5 7. Bb3 d5 8. dxe5 Be6 9. Nbd2 Nc5 10. c3 d4 11. Bxe6 Nxe6 12. cxd4 Ncxd4 13. a4 Bb4 {C80: Open Ruy Lopez: Sidelines and 9 Nbd2.} 14. Ne4 $5 {[%mdl 4] Leaves trodden paths.} O-O 15. Be3 {[%cal Rf3d4]} Nf5 {[#] The position is equal.} 16. Qc2 $146 {aiming for Nf6+!} ({Predecessor:} 16. Qb3 Nxe3 17. fxe3 a5 18. axb5 Qd7 19. Rad1 Qxb5 20. Nfg5 a4 21. Qc2 Nxg5 22. Nxg5 {½-½ (37) Sadzikowski,D (2285)-Simacek,P (2513) Wroclaw 2010}) 16... Nxe3 17. fxe3 Qe7 18. Nd4 Nxd4 $1 19. exd4 Rad8 20. Rad1 c5 21. axb5 (21. Nxc5 Rxd4 22. Nd3 bxa4 $17) 21... axb5 22. Qd3 cxd4 (22... Rxd4 $6 23. Nf6+ $1 {[%mdl 512]} gxf6 24. Qg3+ Kh8 25. exf6 $16) 23. Rf5 $1 g6 24. Rdf1 Kg7 $2 (24... gxf5 $2 25. Nf6+ Qxf6 26. exf6 $18) (24... h6 $15) 25. Ng5 $1 $16 Kg8 {[#]} (25... gxf5 $2 26. Qxf5 Rh8 27. Nxf7) 26. Qh3 $1 {[%csl Gg5][%cal Rh3h7][%mdl 512]} h5 (26... f6 $16 27. Qb3+ (27. exf6 Qe3+ 28. R5f2 Qxg5 $11) (27. Rxf6 Rxf6 28. Qb3+ Re6 $16) 27... Kh8 28. Rxf6 d3) 27. Qg3 $1 $18 {Strongly threatening Nxf7.} d3 {...d2 is the strong threat.} 28. Nxf7 $1 $40 {[%cal Rg3g6][%mdl 192] Discovered Attack. White attacks with force.} Bc5+ $2 {[#]} (28... Kg7 {keeps fighting.}) 29. Kh1 $1 {[%cal Rg3g6][%mdl 512]} Rxf7 30. Rxf7 Qxf7 31. Rxf7 Kxf7 {[#] KQ-KRB} 32. Qf3+ $1 Kg8 $2 {[#]} (32... Ke7 33. Qf6+ Kd7) 33. e6 $1 {White is clearly winning.} ({Less strong is} 33. Qf6 Rd4 $16) 33... Kh7 34. Qf7+ Kh6 35. Qf4+ Kg7 36. Qc7+ {[%mdl 64] Double Attack. Accuracy: White = 87%, Black = 60%.} 1-0

[Event "Saint Louis Rapid 2020"]
[Site "Saint Louis"]
[Date "2020.09.16"]
[Round "4"]
[White "Nakamura, Hikaru"]
[Black "Firouzja, Alireza"]
[Result "1-0"]
[WhiteElo "2736"]
[BlackElo "2728"]
[Annotator "TA"]
[PlyCount "91"]
[EventDate "2020.09.15"]
[EventType "rapid"]
[EventCountry "USA"]
[SourceTitle "playchess.com"]
[Source "ChessBase"]
[SourceQuality "1"]

{[%evp 9,91,3,8,6,20,16,3,0,0,0,4,4,30,0,39,-18,17,14,55,30,27,32,28,0,36,10,116,118,128,128,120,125,139,137,137,154,214,212,221,199,293,291,306,316,305,308,307,300,316,302,289,312,326,315,335,258,279,251,279,283,372,381,442,460,787,721,761,753,724,662,970,975,1027,985,1146,1052,889,878,1484,1471,5157,2328,1689,1595]} 1. e4 c6 2. d4 d5 3. e5 Bf5 4. h4 h5 5. Bd3 Bxd3 6. Qxd3 {Threatening e6. B12: Caro-Kann: Advance Variation.} Qa5+ 7. Bd2 Qa6 $1 8. e6 {The position is equal.} Qxd3 9. exf7+ Kxf7 10. cxd3 Nh6 11. Nf3 Nf5 {[#]} 12. O-O $146 ({Better is} 12. Bc3 $14) ({Predecessor:} 12. Nc3 Nd7 13. Ne2 g6 14. Nf4 Bg7 15. Bc3 Bf6 16. g3 Rhe8 17. Kd2 e5 18. dxe5 Nxe5 19. Bxe5 Bxe5 20. Nxe5+ Rxe5 {½-½ (24) Mastrovasilis,D (2604)-Vazquez,G (2527) chess.com INT 2020}) 12... Rg8 13. Re1 Ke8 14. Bg5 Na6 15. a3 $36 {[%mdl 2048] White fights for an advantage.} g6 16. Nc3 {[%cal Bb1c3,Bc3e2,Be2g3][%mdl 32]} Bg7 17. Ne2 Nc7 (17... Kd7 $11) 18. Ng3 $1 $16 {[%cal Rg3f5] Threatens to win with Nxf5. White now steadily converts the win.} Bf8 19. Nxf5 gxf5 20. Bf4 $1 {[%cal Rf4c7]} Kd7 {[#]} 21. Bxc7 $1 Kxc7 22. Re5 Rg4 (22... Bg7 $16) 23. Rxf5 $18 Bg7 24. Re1 (24. Rxh5 $6 Bxd4 25. Nxd4 Rxd4 $16) 24... Bxd4 (24... Re8 $142 25. Rxh5 Bxd4) 25. Rxe7+ Kb6 26. Nxd4 (26. Rxh5 Bxb2 27. Rhh7 Rb8 $16) 26... Rxd4 27. Rxh5 Rxd3 {[%mdl 4096] Endgame KRR-KRR} 28. Rhh7 Rd1+ 29. Kh2 Rd2 30. Rxb7+ Kc5 31. Rhf7 d4 32. b3 {[%cal Bb2b3,Bb3b4][%mdl 32]} Rh8 33. Kh3 ({Resist} 33. Rxa7 $6 Rxh4+ 34. Kg3 Rh6 $16) 33... Rd1 34. g3 ({Don't do} 34. Rxa7 $6 Rd3+ 35. g3 Rxb3 $18) 34... d3 {Hoping for ...d2.} 35. Rbd7 Rh5 {And now ...Rd5 would win.} 36. Rf4 {White is clearly winning.} Rd5 {[#]} (36... d2 $142 37. b4+ Kb5) 37. b4+ $1 Kb5 38. Rxd5+ cxd5 {KR-KR} 39. Rd4 Ka4 40. Kg2 Kb3 41. h5 Kc2 42. Rxd5 Re1 43. g4 d2 44. h6 Re6 {[#]} 45. Rxd2+ $3 {[%mdl 512]} Kxd2 46. g5 {Accuracy: White = 90%, Black = 38%.} 1-0

[Event "Saint Louis Rapid 2020"]
[Site "Saint Louis"]
[Date "2020.09.16"]
[Round "4"]
[White "Harikrishna, Pentala"]
[Black "Nepomniachtchi, Ian"]
[Result "0-1"]
[WhiteElo "2732"]
[BlackElo "2784"]
[Annotator "TA"]
[PlyCount "90"]
[EventDate "2020.09.15"]
[EventType "rapid"]
[EventCountry "USA"]
[SourceTitle "playchess.com"]
[Source "ChessBase"]
[SourceQuality "1"]

{[%evp 9,90,13,9,9,8,0,24,0,33,16,31,37,41,17,45,0,6,0,22,8,0,0,12,0,16,6,17,12,32,23,29,22,58,30,52,49,47,37,56,6,17,0,0,0,0,0,57,-47,-57,-51,-46,-52,-17,-14,-6,-42,-41,-116,-112,-119,-119,-118,-110,-164,-60,-87,-85,-444,-441,-434,-439,-437,-435,-452,-449,-457,-437,-456,-432,-510,-433,-628,-611]} 1. e4 c5 2. Nf3 d6 3. d4 cxd4 4. Qxd4 Nf6 5. Be2 Nc6 6. Qe3 {B53: Sicilian: 2...d6: Lines with Qxd4.} g6 7. O-O Bg7 8. h3 {White has an edge.} d5 $5 {[%mdl 4] Exploring less charted territory.} 9. exd5 Nxd5 10. Qb3 Nb6 11. Rd1 Qc7 $1 {[#]} 12. Nc3 $146 ({Predecessor:} 12. Na3 O-O 13. Nb5 Qb8 14. c4 Be6 15. Nbd4 Bd7 16. Be3 Nxd4 17. Rxd4 Bxd4 18. Bxd4 {1-0 (30) Bosiocic,M (2614)-Shevchenko,K (2535) Skopje 2019}) 12... Be6 13. Nb5 Qb8 14. Qa3 O-O 15. Nbd4 $36 {[%mdl 2048] White is pushing.} Bd5 16. Be3 e6 17. Rac1 Bxf3 18. Nxf3 Nd5 19. Bc5 Rd8 20. c4 Nf4 21. Bf1 e5 22. Bd6 Qc8 23. c5 Qf5 24. Re1 e4 25. Nd2 Nd3 26. Bxd3 $1 exd3 27. Ne4 Ne5 (27... Qd5 $11 28. Rcd1 Re8 29. Rxd3 Nd4) 28. Bxe5 ({White should play} 28. Rcd1 $14) 28... Bxe5 $15 29. Rcd1 Rd4 $1 {[%cal Rd4e4]} 30. Nd2 Bf6 31. Nf3 Rd7 32. b4 Rad8 33. Rd2 (33. Nd2 $15) 33... Bg7 $1 $17 34. Qb3 Bh6 35. Rdd1 d2 36. Re5 (36. Re2 $17) 36... Qf6 ({Black should try} 36... Qd3 $1 $19 37. Qxd3 Rxd3) 37. Qc4 $15 Rd3 {Threatens to win with ...Rxf3.} 38. Qe4 $2 {[%mdl 8192] This move loses the game for White.} (38. Re8+ $17 Kg7 39. Rxd8 Rxd8 40. a4) 38... Rc3 $1 $19 {[%cal Rc3c1] White must now prevent ...Rc1.Black is clearly winning.} 39. Re8+ {[#]} Rxe8 $1 40. Qxe8+ Kg7 41. Qe2 {[#]} Rc1 $1 42. Nxd2 Rxd1+ 43. Qxd1 {Ne4 is the strong threat.} Qd4 $1 {[%csl LRb4,LRd2][%mdl 64] Double Attack} 44. Qf3 {White wants to play Ne4.} Qxd2 45. a3 (45. Qe4 $142) 45... Qc1+ {Accuracy: White = 65%, Black = 86%.} 0-1